| 000 | 00689nam a2200181Ia 4500 | ||
|---|---|---|---|
| 008 | 090124s9999 xx 000 0 und d | ||
| 082 | _b4214 | ||
| 100 | _aपर्वते त्र्यंबक विष्णु | ||
| 245 | _a अर्ध्यप्रदान | ||
| 250 | _a0 | ||
| 260 |
_b"नवभारत प्रकाशन संस्था ,मुंबइ4" _c1942 |
||
| 300 | _a160 | ||
| 600 | _aपर्वते त्र्यंबक विष्णु | ||
| 630 | _a अर्ध्यप्रदान | ||
| 700 | _aपर्वते त्र्यंबक विष्णु | ||
| 730 | _a अर्ध्यप्रदान | ||
| 942 | _cBOOK | ||
| 999 |
_c83294 _d83294 |
||